Автоматизированная система управления радиолокационным комплексом; Приборы и системы. Управление, контроль, диагностика; № 5

Bibliografiset tiedot
Parent link:Приборы и системы. Управление, контроль, диагностика: научно-технический и производственный журнал.— , 2000-
№ 5.— 2003.— С. 14-19
Päätekijä: Юрин О. В.
Muut tekijät: Чекушкин В. В., Дударев В. А.
Kieli:venäjä
Julkaistu: 2003
Sarja:Автоматизированные системы управления
Aiheet:
Aineistotyyppi: MixedMaterials Kirjan osa
KOHA link:https://koha.lib.tpu.ru/cgi-bin/koha/opac-detail.pl?biblionumber=386633

MARC

LEADER 00000naa2a2200000 4500
001 386633
005 20231101063513.0
035 |a (RuTPU)RU\TPU\prd\15643 
090 |a 386633 
100 |a 20030626a2003 k y0rusy50 ca 
101 0 |a rus 
102 |a RU 
200 1 |a Автоматизированная система управления радиолокационным комплексом  |f О. В. Юрин, В. В. Чекушкин, В. А. Дударев 
225 1 |a Автоматизированные системы управления 
320 |a Библиогр.: 4 назв. 
461 1 |0 (RuTPU)RU\TPU\prd\1687  |t Приборы и системы. Управление, контроль, диагностика  |o научно-технический и производственный журнал  |d 2000- 
463 1 |0 (RuTPU)RU\TPU\prd\15376  |t № 5  |v С. 14-19  |d 2003 
610 1 |a системы управления 
610 1 |a автоматизированные системы 
610 1 |a радиолокационные комплексы 
610 1 |a системы контроля 
610 1 |a визуализация 
610 1 |a видеоизображение 
610 1 |a информация 
610 1 |a графические интерфейсы 
700 1 |a Юрин  |b О. В. 
701 1 |a Чекушкин  |b В. В. 
701 1 |a Дударев  |b В. А. 
801 1 |a RU  |b 63413507  |c 20030626  |g PSBO 
801 2 |a RU  |b 63413507  |c 20121008  |g RCR 
942 |c BK